[Event "III Open A Carnevale"]
[Site "Viareggio ITA"]
[Date "1998.02.??"]
[Round "1"]
[White "Aglietti, Graziano"]
[Black "Ricci, Massimo"]
[Result "1-0"]
[WhiteElo "2060"]
[BlackElo "1540"]
[PlyCount "57"]
[EventDate "1998.02.27"]

1. d4 Nf6 2. Nf3 g6 3. Bg5 Bg7 4. Nbd2 d5 5. Bxf6 Bxf6 6. e4 dxe4 7. Nxe4 Bg7
8. Bc4 O-O 9. O-O Bg4 10. c3 Nc6 11. h3 Bd7 12. a3 Na5 13. Ba2 Bb5 14. Re1 Nc4
15. Qb3 a6 16. a4 Na5 17. Qb4 Nc6 18. Qa3 Bd3 19. Nc5 Bc2 20. Rac1 Bf5 21. Nxb7
Qb8 22. Nc5 Bh6 23. Rcd1 Rd8 24. d5 Bc2 25. Ra1 Na5 26. Nd4 Bf5 27. b4 Nb7 28.
Nc6 Qc8 29. Nxe7+ 1-0

[Event "III Open A Carnevale"]
[Site "Viareggio ITA"]
[Date "1998.02.??"]
[Round "1"]
[White "Ambrosanio, Raffaele"]
[Black "Ferraro, Francesco"]
[Result "1-0"]
[WhiteElo "1561"]
[BlackElo "2060"]
[PlyCount "67"]
[EventDate "1998.02.27"]

1. c4 e5 2. g3 f5 3. e3 Nf6 4. Bg2 g6 5. Ne2 Bg7 6. Nbc3 Nc6 7. O-O O-O 8. a3
a5 9. d3 d6 10. Bd2 Be6 11. Nd5 Bxd5 12. cxd5 Ne7 13. Qb3 b6 14. f4 Nd7 15.
fxe5 Bxe5 16. d4 Bg7 17. Nf4 Rf7 18. Ne6 Qb8 19. Rac1 Ra7 20. Rc2 Nf8 21. Rfc1
Nxe6 22. dxe6 Rf8 23. Bc6 Nxc6 24. Rxc6 Re8 25. e7+ Kh8 26. Qe6 Qc8 27. Qxc8
Rxc8 28. Rxd6 Raa8 29. Rxc7 Re8 30. Rcd7 Bh6 31. h4 Kg8 32. Rd8 Kf7 33. Rxa8
Rxa8 34. Rd8 1-0

[Event "III Open A Carnevale"]
[Site "Viareggio ITA"]
[Date "1998.02.??"]
[Round "1"]
[White "Ceccherini, Paolo"]
[Black "Efimov, Igor"]
[Result "0-1"]
[WhiteElo "1600"]
[BlackElo "2525"]
[PlyCount "56"]
[EventDate "1998.02.27"]

1. e4 c5 2. Nc3 e6 3. g3 Nc6 4. Bg2 Nf6 5. f4 d6 6. Nf3 Be7 7. O-O O-O 8. d3
Rb8 9. a4 a6 10. h3 b5 11. axb5 axb5 12. Be3 d5 13. Bd2 b4 14. Ne2 dxe4 15.
dxe4 Nxe4 16. Ne5 Nxe5 17. Bxe4 Nc4 18. Bc1 Bf6 19. c3 Bb7 20. Bxb7 Rxb7 21.
Kh2 Rd7 22. Qe1 b3 23. Ra4 Nd2 24. Rf2 Ne4 25. Rxe4 Rd1 26. Qg1 Rxg1 27. Nxg1
Qd1 28. Bd2 Qc2 0-1

[Event "III Open A Carnevale"]
[Site "Viareggio ITA"]
[Date "1998.02.??"]
[Round "1"]
[White "Lampic, Teo"]
[Black "Onesti, Luca"]
[Result "1-0"]
[WhiteElo "2295"]
[BlackElo "1597"]
[PlyCount "91"]
[EventDate "1998.02.27"]

1. e4 e5 2. Nf3 Nc6 3. Nc3 Nf6 4. Bb5 d6 5. d4 Bd7 6. O-O Nxd4 7. Nxd4 exd4 8.
Qxd4 Bxb5 9. Nxb5 Be7 10. h3 Qd7 11. Nc3 O-O 12. Bf4 a6 13. Rad1 Rad8 14. Rfe1
Qc6 15. Bh2 Rfe8 16. Re3 Bf8 17. e5 dxe5 18. Qxd8 Rxd8 19. Rxd8 e4 20. Be5 g6
21. Bd4 b6 22. f3 exf3 23. Rxf3 Ne4 24. Nxe4 Qxe4 25. Re3 Qxc2 26. Ree8 Qc1+
27. Kh2 Qf4+ 28. g3 Qd2+ 29. Kg1 Qd1+ 30. Kg2 Qc2+ 31. Bf2 Qc6+ 32. Kg1 Qc1+
33. Kg2 Qc6+ 34. Kh2 Qc2 35. Rxf8+ Kg7 36. Rg8+ Kh6 37. Kg1 Qc1+ 38. Kg2 Qc6+
39. Kf1 Qc4+ 40. Ke1 Qe4+ 41. Kd2 Qb4+ 42. Kd1 Qe4 43. Rd4 Qb1+ 44. Ke2 Qxb2+
45. Kf3 Qc3+ 46. Be3+ 1-0

[Event "III Open A Carnevale"]
[Site "Viareggio ITA"]
[Date "1998.02.??"]
[Round "1"]
[White "Maccario, Mauro"]
[Black "Tinti, Elvino"]
[Result "1-0"]
[WhiteElo "1815"]
[BlackElo "1510"]
[PlyCount "88"]
[EventDate "1998.02.27"]

1. Nf3 f5 2. d4 Nf6 3. g3 g6 4. Bg2 Bg7 5. O-O O-O 6. c4 d6 7. b3 c6 8. Bb2 Na6
9. Nbd2 Rb8 10. Rc1 Bd7 11. a3 Nc7 12. Qc2 Be8 13. e4 fxe4 14. Nxe4 Nxe4 15.
Qxe4 d5 16. Qe3 Bf7 17. Rfe1 e6 18. Ne5 Qe7 19. Rc2 Rbd8 20. h4 Bf6 21. Bh3
Rfe8 22. Rce2 Qf8 23. Qd2 Bxe5 24. Rxe5 Rd7 25. R1e2 Kh8 26. Qa5 a6 27. c5 Rde7
28. a4 Qg8 29. Bc1 Qg7 30. Bg5 Rd7 31. Qd2 h5 32. Qf4 Kh7 33. Bf6 Qh6 34. Rg5
Rf8 35. Be5 Bg8 36. Qe3 Rdf7 37. Bf4 Qg7 38. Qd3 Rf5 39. Bxf5 Rxf5 40. Rxf5
gxf5 41. Qe3 Ne8 42. Kg2 Qg6 43. f3 Nf6 44. Qe5 Qe8 1-0

[Event "III Open A Carnevale"]
[Site "Viareggio ITA"]
[Date "1998.02.??"]
[Round "1"]
[White "Morelli, Umberto"]
[Black "Ferretti, Folco"]
[Result "0-1"]
[WhiteElo "1588"]
[BlackElo "2270"]
[PlyCount "68"]
[EventDate "1998.02.27"]

1. Nf3 Nf6 2. d4 e6 3. Nbd2 c5 4. e3 b6 5. g3 Nc6 6. c3 d5 7. Be2 Bd6 8. O-O
O-O 9. Re1 e5 10. dxe5 Nxe5 11. Nxe5 Bxe5 12. Nf3 Bc7 13. Qc2 Qe7 14. Bd3 Ne4
15. Nd2 f5 16. f3 Nxg3 17. hxg3 Bxg3 18. Re2 c4 19. Nxc4 dxc4 20. Bxc4+ Kh8 21.
Rg2 f4 22. Qe4 Qxe4 23. fxe4 Bh3 24. exf4 Bxg2 25. Kxg2 Bxf4 26. Bxf4 Rxf4 27.
Re1 Raf8 28. Re2 Rg4+ 29. Kh3 h5 30. Be6 Rg1 31. Rd2 g6 32. Bc4 Rf4 33. Bd3 g5
34. Bc2 Rh4# 0-1

[Event "III Open A Carnevale"]
[Site "Viareggio ITA"]
[Date "1998.02.??"]
[Round "1"]
[White "Picard, Clement"]
[Black "Lugli, Luca"]
[Result "1-0"]
[WhiteElo "2150"]
[BlackElo "1573"]
[PlyCount "69"]
[EventDate "1998.02.27"]

1. e4 c5 2. Nc3 Nc6 3. g3 d6 4. Bg2 g6 5. d3 Bg7 6. Be3 Bd7 7. Qd2 Rb8 8. f4 b5
9. Nf3 b4 10. Nd1 Qc7 11. O-O Nf6 12. Nf2 O-O 13. f5 Ne5 14. Nxe5 dxe5 15. Bh6
Nh5 16. Nh3 Qd6 17. Bxg7 Nxg7 18. g4 c4 19. Rf3 a5 20. Raf1 Bc6 21. f6 exf6 22.
Rxf6 Qd4+ 23. Kh1 Bb5 24. Ng5 Ne6 25. R6f3 Nf4 26. Nh3 Qxb2 27. Nxf4 exf4 28.
Qxf4 cxd3 29. cxd3 Qg7 30. Qc7 f5 31. Qxa5 fxe4 32. Rxf8+ Rxf8 33. Qxb5 Rxf1+
34. Bxf1 Qa7 35. Qd5+ 1-0

[Event "III Open A Carnevale"]
[Site "Viareggio ITA"]
[Date "1998.02.??"]
[Round "1"]
[White "Pieraccini, Riccardo"]
[Black "Beggi, Pierluigi"]
[Result "1-0"]
[WhiteElo "1582"]
[BlackElo "2205"]
[PlyCount "35"]
[EventDate "1998.02.27"]

1. d4 Nf6 2. g3 g6 3. Bg2 Bg7 4. Nf3 O-O 5. O-O d6 6. Nc3 Nbd7 7. Bg5 c6 8. e4
Qc7 9. Re1 e5 10. dxe5 dxe5 11. Qd2 Nb6 12. Rad1 Nc4 13. Qc1 Qa5 14. Rd3 h6 15.
Bxh6 Nxb2 16. Bxg7 Nxd3 17. Qh6 Nh7 18. Ng5 1-0

[Event "III Open A Carnevale"]
[Site "Viareggio ITA"]
[Date "1998.02.??"]
[Round "1"]
[White "Randazzo, Sergio"]
[Black "Marson, Paolo Giuseppe"]
[Result "1-0"]
[WhiteElo "2009"]
[BlackElo "1564"]
[PlyCount "51"]
[EventDate "1998.02.27"]

1. e4 c5 2. Nf3 d6 3. d4 cxd4 4. Nxd4 Nf6 5. Nc3 e6 6. Bg5 Be7 7. Qd2 a6 8.
O-O-O Nbd7 9. f4 O-O 10. Be2 h6 11. Bh4 Nc5 12. Qe3 Bd7 13. Bf2 b6 14. Kb1 Rc8
15. g4 b5 16. e5 dxe5 17. fxe5 Nd5 18. Nxd5 exd5 19. Bf3 Be6 20. h4 Qc7 21. g5
hxg5 22. hxg5 g6 23. Qf4 Kg7 24. Rh7+ Kxh7 25. Qh4+ Kg8 26. Rh1 1-0

[Event "III Open A Carnevale"]
[Site "Viareggio ITA"]
[Date "1998.02.??"]
[Round "1"]
[White "Tesoro, Davide"]
[Black "Rinaldi, Francesco Saverio"]
[Result "0-1"]
[WhiteElo "1546"]
[BlackElo "1872"]
[PlyCount "73"]
[EventDate "1998.02.27"]

1. e4 c5 2. Nc3 e6 3. d3 Nc6 4. g3 d5 5. exd5 exd5 6. Bg2 Be6 7. Nf3 Bg4 8. Ne2
Nf6 9. d4 c4 10. O-O Be7 11. Be3 O-O 12. Ne5 Bf5 13. Nc3 Be6 14. b3 cxb3 15.
axb3 Rc8 16. Nb5 a6 17. Na3 Bb4 18. Nb1 Na7 19. Bd2 Qb6 20. c3 Be7 21. Be3 Qc7
22. c4 dxc4 23. Nxc4 Nd5 24. Bd2 Nc6 25. Re1 Bf6 26. Nc3 Ncb4 27. Ne4 Be7 28.
Nc5 Bxc5 29. dxc5 Qxc5 30. Qh5 Nd3 31. Be4 g6 32. Qh6 Qxf2+ 33. Kh1 Nxe1 34.
Rxe1 Rxc4 35. bxc4 Nf6 36. Bc3 Bxc4 37. Bg2 0-1

[Event "III Open A Carnevale"]
[Site "Viareggio ITA"]
[Date "1998.02.??"]
[Round "1"]
[White "Venturini, Giuliano"]
[Black "Arrighini, Giovanni"]
[Result "0-1"]
[WhiteElo "1537"]
[BlackElo "1821"]
[PlyCount "84"]
[EventDate "1998.02.27"]

1. e4 d5 2. exd5 Nf6 3. Nf3 Nxd5 4. d4 g6 5. Be3 Bg7 6. Bc4 Nxe3 7. fxe3 c5 8.
O-O O-O 9. c3 Nc6 10. a4 Qc7 11. Ba2 Bg4 12. Nbd2 Rad8 13. Qe2 cxd4 14. exd4 e5
15. d5 Ne7 16. Qb5 a6 17. Qb4 Nxd5 18. Bxd5 Rxd5 19. Qxg4 Qb6+ 20. Kh1 Qxb2 21.
Rad1 Qxc3 22. Qc4 Rc5 23. Qxc3 Rxc3 24. Rc1 Rfc8 25. Rxc3 Rxc3 26. Rd1 f5 27.
Nb1 Rc7 28. Ng5 Bf6 29. Nf3 Kf7 30. Kg1 e4 31. Ne1 Ke6 32. g3 g5 33. Ng2 Rc4
34. Kf1 Rxa4 35. h4 h6 36. Ke2 b5 37. Ne3 gxh4 38. gxh4 Ra2+ 39. Nd2 f4 40. Ng2
f3+ 41. Ke3 fxg2 42. h5 Bg5+ 0-1

[Event "III Open A Carnevale"]
[Site "Viareggio ITA"]
[Date "1998.02.??"]
[Round "1"]
[White "Vujovic, Milorad"]
[Black "Galletti, Armando"]
[Result "1-0"]
[WhiteElo "2270"]
[BlackElo "1585"]
[PlyCount "59"]
[EventDate "1998.02.27"]

1. e4 c5 2. Nf3 d6 3. h3 Nf6 4. c3 Nc6 5. d4 cxd4 6. cxd4 e6 7. Nc3 a6 8. Bd3
Be7 9. O-O O-O 10. a3 b5 11. Bc2 Bb7 12. Bg5 h6 13. Bh4 Nd7 14. Bg3 Nb6 15. Qd3
e5 16. Rfd1 Nd7 17. Nd5 Rc8 18. Rac1 Bg5 19. Nxg5 Qxg5 20. f4 Qd8 21. dxe5 dxe5
22. fxe5 Ndxe5 23. Qc3 f6 24. Bb3 Kh8 25. Qe3 Qe8 26. Nf4 Ne7 27. Ne6 N7g6 28.
Rxc8 Qxc8 29. Nxf8 Qxf8 30. Qb6 1-0

[Event "III Open A Carnevale"]
[Site "Viareggio ITA"]
[Date "1998.02.??"]
[Round "2"]
[White "Efimov, Igor"]
[Black "Ambrosi, Arcangelo"]
[Result "1-0"]
[WhiteElo "2525"]
[BlackElo "1758"]
[PlyCount "117"]
[EventDate "1998.02.27"]

1. d4 d5 2. c4 e6 3. Nc3 Nf6 4. Nf3 Be7 5. Bf4 c6 6. e3 O-O 7. Qc2 Qa5 8. Rc1
dxc4 9. Bxc4 b5 10. Bb3 Bb7 11. O-O c5 12. dxc5 Bxf3 13. gxf3 Nc6 14. Ne4 Nd5
15. Bxd5 exd5 16. Nd6 Bf6 17. Qb3 d4 18. e4 Ne5 19. Bg3 h5 20. f4 Nc4 21. e5
Bd8 22. Qxb5 Qxb5 23. Nxb5 Nxb2 24. c6 h4 25. c7 Be7 26. Nd6 Rfc8 27. Nf5 Bb4
28. Bxh4 d3 29. Rb1 Ba3 30. Be7 Rxc7 31. Bxa3 Nc4 32. Bd6 Rd7 33. Rfd1 g6 34.
Ne3 Nxd6 35. Rxd3 Rb7 36. Rxb7 Nxb7 37. f5 gxf5 38. Nxf5 Nc5 39. Rg3+ Kh8 40.
Rh3+ Kg8 41. Ne7+ Kg7 42. Rg3+ Kh7 43. f4 Re8 44. Rh3+ Kg7 45. Nf5+ Kg6 46. Nd6
Re7 47. Rc3 Nb7 48. Rg3+ Kh7 49. Ne4 Rc7 50. f5 Rc1+ 51. Kg2 Nc5 52. Ng5+ Kg8
53. Ne6+ Kh8 54. Nd8 Rc2+ 55. Kh3 Ne4 56. Nxf7+ Kh7 57. Ng5+ Nxg5+ 58. Rxg5
Rxa2 59. f6 1-0

[Event "III Open A Carnevale"]
[Site "Viareggio ITA"]
[Date "1998.02.??"]
[Round "2"]
[White "Ferretti, Folco"]
[Black "Grillo, Francesco"]
[Result "1-0"]
[WhiteElo "2270"]
[BlackElo "1642"]
[PlyCount "40"]
[EventDate "1998.02.27"]

1. e4 c5 2. Nc3 e6 3. g3 d5 4. exd5 exd5 5. d3 Nf6 6. Bg2 d4 7. Ne4 Nxe4 8.
Bxe4 Nd7 9. Ne2 Nf6 10. Bg2 Bd6 11. O-O O-O 12. c3 dxc3 13. bxc3 Re8 14. d4
cxd4 15. Qxd4 b6 16. Bg5 Ba6 17. Rfe1 Bc5 18. Qa4 Bb7 19. Rad1 Qc8 20. Qh4 Bxg2
1-0

[Event "III Open A Carnevale"]
[Site "Viareggio ITA"]
[Date "1998.02.??"]
[Round "2"]
[White "Mazzini, Mauro"]
[Black "Lampic, Teo"]
[Result "1-0"]
[WhiteElo "1720"]
[BlackElo "2295"]
[PlyCount "109"]
[EventDate "1998.02.27"]

1. e4 d6 2. d4 e5 3. dxe5 dxe5 4. Qxd8+ Kxd8 5. Bc4 f6 6. Be3 c6 7. a4 Nd7 8.
Nc3 Bc5 9. Bxc5 Nxc5 10. Nge2 a5 11. f3 Kc7 12. Kf2 Ne7 13. Rhd1 Rf8 14. Rd2 f5
15. Ng3 f4 16. Nge2 Be6 17. Bxe6 Nxe6 18. Rad1 Rad8 19. Rxd8 Nxd8 20. Nc1 Ne6
21. Nd3 Ng6 22. Ne2 Rd8 23. g3 Nc5 24. b3 Nxd3+ 25. Rxd3 Rxd3 26. cxd3 fxg3+
27. hxg3 Kd6 28. Ke3 Kc5 29. Kd2 Kb4 30. Kc2 h5 31. d4 b5 32. axb5 cxb5 33. d5
Kc5 34. Kc3 Nh8 35. Nc1 g5 36. Nd3+ Kd6 37. f4 exf4 38. gxf4 g4 39. Kd4 g3 40.
e5+ Ke7 41. Ke3 a4 42. d6+ Ke8 43. e6 Ng6 44. bxa4 bxa4 45. Nb4 Nf8 46. f5 a3
47. Kf3 h4 48. Nd5 Nxe6 49. fxe6 a2 50. Nc7+ Kf8 51. e7+ Kg7 52. e8=Q a1=Q 53.
Ne6+ Kh6 54. Qf8+ Kh7 55. Qg7+ 1-0

[Event "III Open A Carnevale"]
[Site "Viareggio ITA"]
[Date "1998.02.??"]
[Round "2"]
[White "Santilli, Enrico"]
[Black "Picard, Clement"]
[Result "0-1"]
[WhiteElo "1651"]
[BlackElo "2150"]
[PlyCount "54"]
[EventDate "1998.02.27"]

1. d4 Nf6 2. Bg5 Ne4 3. Bh4 d5 4. f3 Nf6 5. Bxf6 exf6 6. e4 c6 7. Nd2 Bd6 8.
Bd3 O-O 9. Ne2 Qc7 10. c3 Be6 11. Qc2 g6 12. g3 Nd7 13. O-O-O Rac8 14. Kb1 b5
15. exd5 Bxd5 16. c4 bxc4 17. Bxc4 Qb7 18. Bxd5 cxd5 19. Qb3 Nb6 20. Rc1 Rfe8
21. Rxc8 Qxc8 22. Qd3 Qh3 23. Rc1 Qxh2 24. Nc3 Qxg3 25. Qb5 Re1 26. Nxd5 Rxc1+
27. Kxc1 Qg1+ 0-1

[Event "III Open A Carnevale"]
[Site "Viareggio ITA"]
[Date "1998.02.??"]
[Round "2"]
[White "Sedina, Elena"]
[Black "Tacchi, Fabio"]
[Result "1-0"]
[WhiteElo "2380"]
[BlackElo "1699"]
[PlyCount "69"]
[EventDate "1998.02.27"]

1. e4 c5 2. Nf3 d6 3. Bb5+ Bd7 4. Bxd7+ Qxd7 5. c4 Nc6 6. d4 cxd4 7. Nxd4 g6 8.
Nc3 Bg7 9. Be3 Nf6 10. f3 O-O 11. O-O Rfd8 12. Qd2 Rac8 13. b3 Qc7 14. Rac1 b6
15. Rfd1 Qb7 16. Nde2 Rd7 17. Nd5 Nxd5 18. exd5 Nb8 19. a4 a6 20. Qb4 Qa8 21.
Bd4 Bh6 22. Ra1 Rdc7 23. Qe1 Qb7 24. Qh4 Bg7 25. Bxg7 Kxg7 26. Nd4 Re8 27. Re1
Qc8 28. Re3 Qd8 29. f4 h5 30. Nf5+ Kg8 31. Rae1 e5 32. dxe6 Qxh4 33. Nxh4 f5
34. Nxg6 Kg7 35. Nh4 1-0

[Event "III Open A Carnevale"]
[Site "Viareggio ITA"]
[Date "1998.02.??"]
[Round "3"]
[White "Aglietti, Graziano"]
[Black "Sedina, Elena"]
[Result "0-1"]
[WhiteElo "2060"]
[BlackElo "2380"]
[PlyCount "92"]
[EventDate "1998.02.27"]

1. Nc3 d5 2. d4 Nf6 3. Nf3 Bf5 4. Bg5 Nbd7 5. Nh4 Bg6 6. Nxg6 hxg6 7. Qd3 e6 8.
e4 dxe4 9. Nxe4 Be7 10. Bxf6 Bxf6 11. Be2 Qe7 12. Qb5 O-O-O 13. O-O-O Nb6 14.
c3 c6 15. Qa5 Kb8 16. f4 Rd5 17. Nc5 Qc7 18. g3 g5 19. Ba6 Nd7 20. Qxc7+ Kxc7
21. Bc4 Rf5 22. Bd3 Rd5 23. Bc4 Rxc5 24. dxc5 gxf4 25. Be2 fxg3 26. hxg3 Rxh1
27. Rxh1 Nxc5 28. Bf3 Nd7 29. Kc2 Kd6 30. Rd1+ Ke7 31. b4 Be5 32. g4 Bd6 33. a4
Ne5 34. Be2 f5 35. gxf5 exf5 36. b5 f4 37. bxc6 bxc6 38. Rb1 Kf6 39. Rb7 Bc5
40. Rc7 g5 41. a5 Kf5 42. Ba6 f3 43. Kd1 g4 44. Bc8+ Kf4 45. Rg7 g3 46. Bh3 Nd3
0-1

[Event "III Open A Carnevale"]
[Site "Viareggio ITA"]
[Date "1998.02.??"]
[Round "3"]
[White "Brizzi, Carlo Alberto"]
[Black "Profili, Bruno"]
[Result "0-1"]
[WhiteElo "1600"]
[BlackElo "1603"]
[PlyCount "118"]
[EventDate "1998.02.27"]

1. d4 e5 2. dxe5 Nc6 3. Nf3 Qe7 4. Qd5 f6 5. exf6 Nxf6 6. Qb3 d5 7. e3 Bd7 8.
Bd2 O-O-O 9. g3 d4 10. Bg2 Be6 11. Qb5 a6 12. Qe2 Qf7 13. b3 Bc5 14. Ng5 Qe7
15. Bxc6 bxc6 16. exd4 Bxd4 17. c3 Bxf2+ 18. Kf1 Ne4 19. Nxe4 Bh3+ 20. Kxf2
Rhf8+ 21. Ke1 Rde8 22. Bg5 Qxe4 23. Qxe4 Rxe4+ 24. Kd1 Bg4+ 25. Kc1 Re2 26. Nd2
h6 27. h3 Bd7 28. Bxh6 gxh6 29. Rb1 Rff2 30. Rb2 Bf5 31. Rf1 Rxf1+ 32. Nxf1
Re1+ 33. Kd2 Rxf1 34. g4 Rf2+ 35. Kc1 Rxb2 36. Kxb2 Be6 37. Kc2 Kd8 38. Kd3 Ke7
39. Kd4 Kf6 40. c4 Kg5 41. Ke5 Bc8 42. a4 Bxg4 43. hxg4 Kxg4 44. Ke6 h5 45. Kd7
h4 46. Kxc7 h3 47. Kxc6 h2 48. b4 h1=Q+ 49. Kb6 Qe4 50. Kxa6 Qxc4+ 51. Ka5 Qc7+
52. Ka6 Qc6+ 53. Ka5 Qa8+ 54. Kb5 Kf5 55. a5 Ke6 56. a6 Kd7 57. Ka5 Kc7 58. Kb5
Qc6+ 59. Ka5 Qb6+ 0-1

[Event "III Open A Carnevale"]
[Site "Viareggio ITA"]
[Date "1998.02.??"]
[Round "3"]
[White "Cambi, Renzo"]
[Black "Ferretti, Folco"]
[Result "0-1"]
[WhiteElo "1773"]
[BlackElo "2270"]
[PlyCount "64"]
[EventDate "1998.02.27"]

1. d4 Nf6 2. c4 e6 3. Nc3 Bb4 4. Qc2 O-O 5. e4 c5 6. Nf3 cxd4 7. Nxd4 d5 8. e5
Nfd7 9. Nf3 Nc6 10. Ng5 g6 11. h4 Ndxe5 12. Nxh7 Kxh7 13. h5 Rh8 14. f4 Ng4 15.
Bd3 f5 16. Bd2 d4 17. Ne2 Bxd2+ 18. Qxd2 Kg7 19. Ng3 Qa5 20. Qxa5 Nxa5 21. Ke2
Bd7 22. Rh4 gxh5 23. Nxh5+ Kf7 24. Rah1 Rh6 25. Ng3 Rah8 26. Rxh6 Rxh6 27. Rxh6
Nxh6 28. Nf1 Nc6 29. Nd2 Kf6 30. Nf3 Nf7 31. a3 e5 32. fxe5+ Nfxe5 0-1

[Event "III Open A Carnevale"]
[Site "Viareggio ITA"]
[Date "1998.02.??"]
[Round "3"]
[White "Djuric, Stefan"]
[Black "Rinaldi, Francesco Saverio"]
[Result "1-0"]
[WhiteElo "2520"]
[BlackElo "1872"]
[PlyCount "65"]
[EventDate "1998.02.27"]

1. e4 e5 2. Nf3 Nf6 3. Nxe5 d6 4. Nf3 Nxe4 5. c4 d5 6. Nc3 Be6 7. cxd5 Bxd5 8.
Nxd5 Qxd5 9. Qa4+ c6 10. Bc4 Nc5 11. Qc2 Qe4+ 12. Kd1 Qxc2+ 13. Kxc2 b5 14.
Re1+ Be7 15. d4 bxc4 16. dxc5 Kf8 17. Ne5 Bxc5 18. Be3 Be7 19. Rad1 f6 20. Nxc4
Kf7 21. Bf4 Na6 22. Rd7 Nb4+ 23. Kb3 Nd5 24. Nd6+ Kf8 25. Nf5 Bc5 26. Bd6+ Bxd6
27. Nxd6 h5 28. Rxa7 Rb8+ 29. Ka3 Kg8 30. Nf5 Nb4 31. Re2 Rh7 32. b3 Nd5 33.
Ne7+ 1-0

[Event "III Open A Carnevale"]
[Site "Viareggio ITA"]
[Date "1998.02.??"]
[Round "3"]
[White "Lampic, Teo"]
[Black "Galletti, Armando"]
[Result "1-0"]
[WhiteElo "2295"]
[BlackElo "1585"]
[PlyCount "61"]
[EventDate "1998.02.27"]

1. e4 c5 2. c3 Nc6 3. d4 cxd4 4. cxd4 e6 5. Nc3 Nge7 6. d5 exd5 7. exd5 Ne5 8.
f4 N5g6 9. d6 Nf5 10. Qe2+ Nge7 11. Nb5 Qb6 12. dxe7 Bxe7 13. g4 Kd8 14. gxf5
Bh4+ 15. Kd1 Re8 16. Qxe8+ Kxe8 17. Nf3 Qc6 18. Be2 Bf6 19. Bd2 Bxb2 20. Rb1 a6
21. Re1 Kf8 22. Bb4+ Kg8 23. Rxb2 axb5 24. Rc2 Qf6 25. Bxb5 h6 26. Re8+ Kh7 27.
Ke2 Qb6 28. a4 Rxa4 29. Bxa4 Qxb4 30. Rcxc8 g6 31. fxg6+ 1-0

[Event "III Open A Carnevale"]
[Site "Viareggio ITA"]
[Date "1998.02.??"]
[Round "3"]
[White "Picard, Clement"]
[Black "Federico, Giancarlo"]
[Result "1-0"]
[WhiteElo "2150"]
[BlackElo "1791"]
[PlyCount "75"]
[EventDate "1998.02.27"]

1. e4 e6 2. d4 d5 3. Nd2 Nf6 4. e5 Nfd7 5. Bd3 c5 6. c3 Nc6 7. Ne2 Qb6 8. Nf3
Be7 9. O-O O-O 10. Re1 a6 11. Nf4 g6 12. Bb1 Qd8 13. Nh3 b5 14. Nfg5 Kg7 15.
Nxh7 Rh8 16. N7g5 Nf8 17. Qg4 cxd4 18. cxd4 Bd7 19. Be3 Rc8 20. Bd3 Nb4 21. Qe2
Nxd3 22. Qxd3 Nh7 23. Nxh7 Rxh7 24. Rec1 Qa5 25. Bg5 Bxg5 26. Nxg5 Rhh8 27. Qf3
Rhf8 28. Qf6+ Kg8 29. Rxc8 Bxc8 30. Qf4 Kg7 31. Rc1 Bd7 32. Rc3 Qd8 33. Rh3 f5
34. Rh7+ Kg8 35. Qh4 Qxg5 36. Rh8+ Kf7 37. Rxf8+ Kxf8 38. Qxg5 1-0

[Event "III Open A Carnevale"]
[Site "Viareggio ITA"]
[Date "1998.02.??"]
[Round "3"]
[White "Randazzo, Sergio"]
[Black "Efimov, Igor"]
[Result "0-1"]
[WhiteElo "2009"]
[BlackElo "2525"]
[PlyCount "86"]
[EventDate "1998.02.27"]

1. e4 c5 2. Nf3 Nc6 3. d4 cxd4 4. Nxd4 Nf6 5. Nc3 d6 6. Bg5 Bd7 7. Qd2 Rc8 8.
O-O-O Nxd4 9. Qxd4 Qa5 10. f4 Rxc3 11. Qxc3 Qxc3 12. bxc3 Nxe4 13. Re1 Bc6 14.
Bb5 Nxc3 15. Bxc6+ bxc6 16. Kd2 Nd5 17. c4 Nb6 18. Kd3 Kd7 19. Bh4 g6 20. Rhf1
e6 21. Bf6 Rg8 22. Rb1 d5 23. cxd5 exd5 24. Rfe1 Bd6 25. a4 Kc7 26. Be5 Nxa4
27. Ra1 Nc5+ 28. Kc2 Ra8 29. Bc3 Ne4 30. Ba5+ Kd7 31. g3 c5 32. Reb1 Kc6 33.
Be1 a6 34. Ra2 d4 35. Rba1 c4 36. Rxa6+ Rxa6 37. Rxa6+ Kd5 38. Ra5+ Bc5 39. Bb4
d3+ 40. Kc1 Kd4 41. Bxc5+ Nxc5 42. Ra8 c3 43. Rd8+ Ke3 0-1

[Event "III Open A Carnevale"]
[Site "Viareggio ITA"]
[Date "1998.02.??"]
[Round "3"]
[White "Vujovic, Milorad"]
[Black "Arrighini, Giovanni"]
[Result "1-0"]
[WhiteElo "2270"]
[BlackElo "1821"]
[PlyCount "49"]
[EventDate "1998.02.27"]

1. e4 d5 2. exd5 Nf6 3. h3 Nxd5 4. d4 g6 5. c4 Nb6 6. Nc3 Bg7 7. Nf3 O-O 8. Be2
Nc6 9. Be3 e5 10. d5 Ne7 11. Qb3 h6 12. O-O Nf5 13. Bc5 Re8 14. g4 Nd6 15. Be3
e4 16. Nd4 Nd7 17. Nc2 b6 18. Nb4 Nc5 19. Qc2 Bb7 20. Nc6 Qd7 21. Bxc5 bxc5 22.
Na5 Rab8 23. Nb3 Bxc3 24. Qxc3 Qa4 25. Nxc5 1-0

[Event "III Open A Carnevale"]
[Site "Viareggio ITA"]
[Date "1998.02.??"]
[Round "4"]
[White "Arrighini, Giovanni"]
[Black "Grillo, Francesco"]
[Result "1-0"]
[WhiteElo "1821"]
[BlackElo "1642"]
[PlyCount "111"]
[EventDate "1998.02.27"]

1. e4 c5 2. Ne2 Nf6 3. Nbc3 d5 4. exd5 Nxd5 5. Nxd5 Qxd5 6. Nc3 Qd8 7. Bb5+ Bd7
8. Qe2 Nc6 9. Ne4 e6 10. c3 Be7 11. d3 a6 12. Ba4 b5 13. Bc2 f5 14. Ng3 Qc7 15.
Bd2 O-O-O 16. Bb3 Qe5 17. O-O-O Qxe2 18. Nxe2 Bf6 19. Be3 Be7 20. Nf4 e5 21.
Ne6 Bxe6 22. Bxe6+ Kc7 23. Bxf5 g6 24. Be4 Rd7 25. h4 Nd8 26. h5 Rg8 27. hxg6
hxg6 28. Rh6 Rd6 29. Bxc5 Bg5+ 30. Kc2 Bxh6 31. Bxd6+ Kxd6 32. d4 exd4 33.
Rxd4+ Ke5 34. Bf3 Ne6 35. Rd5+ Kf6 36. Rd6 Rd8 37. Rxa6 Rd2+ 38. Kb3 Rxf2 39.
Bg4 Kg5 40. Bxe6 Rxg2 41. Ra5 Kf6 42. Bd5 Rh2 43. Rxb5 Bc1 44. Ka3 g5 45. c4 g4
46. Rb3 Ke5 47. Kb4 Rxb2 48. Rxb2 Bxb2 49. a4 Bd4 50. a5 Kd6 51. Kb5 Kc7 52. c5
Kb8 53. Kb6 g3 54. a6 Bxc5+ 55. Kxc5 Ka7 56. Kb5 1-0

[Event "III Open A Carnevale"]
[Site "Viareggio ITA"]
[Date "1998.02.??"]
[Round "4"]
[White "Bini, Gabriele"]
[Black "Lampic, Teo"]
[Result "0-1"]
[WhiteElo "1600"]
[BlackElo "2295"]
[PlyCount "82"]
[EventDate "1998.02.27"]

1. e4 d6 2. d4 e5 3. dxe5 dxe5 4. Qxd8+ Kxd8 5. Bc4 f6 6. Be3 c6 7. Nd2 Nd7 8.
Be6 Kc7 9. Ne2 b6 10. a3 Ba6 11. b4 Rc8 12. Bb3 g6 13. c4 Rd8 14. Nc3 Bh6 15.
Ke2 f5 16. f3 Bxe3 17. Kxe3 f4+ 18. Ke2 Ngf6 19. b5 Nc5 20. Bc2 cxb5 21. cxb5
Bb7 22. Nb3 Ne6 23. Rhd1 g5 24. Rxd8 Rxd8 25. Rd1 h5 26. h3 Rxd1 27. Kxd1 Kd6
28. Ne2 g4 29. hxg4 hxg4 30. Ke1 Ng5 31. Kf2 Bc8 32. Nec1 Be6 33. Nd3 Bc4 34.
a4 Nfxe4+ 35. fxe4 Nxe4+ 36. Kg1 g3 37. Nb2 Bxb3 38. Bxb3 Kc5 39. Nd3+ Kd4 40.
Nb4 Kc3 41. Bc2 Nc5 0-1

[Event "III Open A Carnevale"]
[Site "Viareggio ITA"]
[Date "1998.02.??"]
[Round "4"]
[White "Efimov, Igor"]
[Black "Vujovic, Milorad"]
[Result "1-0"]
[WhiteElo "2525"]
[BlackElo "2270"]
[PlyCount "65"]
[EventDate "1998.02.27"]

1. Nf3 e6 2. c4 c5 3. g3 b6 4. Bg2 Bb7 5. O-O Nf6 6. Nc3 Be7 7. Re1 d6 8. e4
O-O 9. d4 cxd4 10. Nxd4 Qc8 11. b3 a6 12. Bb2 Nc6 13. Rc1 Re8 14. Nd5 Nd7 15.
Nxc6 Qxc6 16. e5 exd5 17. cxd5 Qb5 18. a4 Qa5 19. Bc3 Qc5 20. e6 Nf8 21. Bxg7
Kxg7 22. Rxc5 bxc5 23. Qg4+ Ng6 24. h4 f5 25. Qxf5 Rf8 26. Qg4 Kh8 27. h5 Ne5
28. Rxe5 dxe5 29. d6 Bxg2 30. dxe7 Rf6 31. Qg5 Rxe6 32. h6 Rg8 33. e8=Q 1-0

[Event "III Open A Carnevale"]
[Site "Viareggio ITA"]
[Date "1998.02.??"]
[Round "4"]
[White "Federico, Giancarlo"]
[Black "Rebeggiani, Andrea"]
[Result "1-0"]
[WhiteElo "1791"]
[BlackElo "1639"]
[PlyCount "61"]
[EventDate "1998.02.27"]

1. d4 Nf6 2. Nf3 g6 3. Nbd2 Bg7 4. e4 d6 5. Bd3 O-O 6. O-O c5 7. c3 Nbd7 8. Re1
Nh5 9. g3 e5 10. dxe5 dxe5 11. a4 b6 12. Nc4 Qc7 13. Be3 Bb7 14. Bc2 Rad8 15.
Qe2 Rfe8 16. Rad1 Nb8 17. Bc1 Nc6 18. Bb3 Bc8 19. Bg5 Rxd1 20. Rxd1 h6 21. Nd6
Rf8 22. Nxc8 Qxc8 23. Bc1 Rd8 24. Nh4 Rxd1+ 25. Qxd1 Nf6 26. f3 Kf8 27. Qd6+
Ke8 28. Bxh6 Nxe4 29. Bxf7+ Kxf7 30. Qxg6+ Ke7 31. Qxg7+ 1-0